000 00591nam a2200229Ia 4500
003 OSt
005 20220924152424.0
006 a|||||r|||| 00| 0
007 ta
008 220923b |||||||| |||| 00| 0 mar d
024 _a342486
037 _cTextual
040 _aARTS
_cARTS
_bmar
041 _2mar
_amar
082 _aV2:2.N5, 155J1
100 _aGupte Bhalchandra Maheshwar
_9226656
245 0 _aHindi rajyaghatna
260 _c1951
650 _aHISTORY
942 _hV2:2.N5, 155J1
_cTEXL
_2CC
999 _c469805
_d469805